<?xml version="1.0" encoding="UTF-8"?>
<record
    xmlns:xsi="http://www.w3.org/2001/XMLSchema-instance"
    xsi:schemaLocation="http://www.loc.gov/MARC21/slim http://www.loc.gov/standards/marcxml/schema/MARC21slim.xsd"
    xmlns="http://www.loc.gov/MARC21/slim">

  <leader>01010cam9a220024100 4500</leader>
  <controlfield tag="001">qce00914348</controlfield>
  <controlfield tag="005">20190814120032.0</controlfield>
  <controlfield tag="008">740923s1962    paua     b    000 0 eng d</controlfield>
  <datafield tag="010" ind1=" " ind2=" ">
    <subfield code="a">   62008091</subfield>
  </datafield>
  <datafield tag="035" ind1=" " ind2=" ">
    <subfield code="a">(Sirsi) r98050</subfield>
  </datafield>
  <datafield tag="035" ind1=" " ind2=" ">
    <subfield code="a">(QCAT)lss00653012</subfield>
  </datafield>
  <datafield tag="035" ind1=" " ind2=" ">
    <subfield code="a">(UPRA)qce00914348</subfield>
  </datafield>
  <datafield tag="040" ind1=" " ind2=" ">
    <subfield code="d">UPRA</subfield>
  </datafield>
  <datafield tag="100" ind1="1" ind2=" ">
    <subfield code="a">Cutler, Max, 1899-</subfield>
    <subfield code="d">Cutler, Max, 1899-</subfield>
    <subfield code="6">A56622.1</subfield>
  </datafield>
  <datafield tag="245" ind1="1" ind2="0">
    <subfield code="a">Tumors of the breast :</subfield>
    <subfield code="b">their pathology, symptoms, diagnosis and treatment.</subfield>
  </datafield>
  <datafield tag="260" ind1=" " ind2=" ">
    <subfield code="a">Philadelphia :</subfield>
    <subfield code="b">Lippincott,</subfield>
    <subfield code="c">[c1962]</subfield>
  </datafield>
  <datafield tag="500" ind1=" " ind2=" ">
    <subfield code="a">An addition to Tumours of the breast, by Sir Lenthal Cheatle, and the author, published in 1931.</subfield>
  </datafield>
  <datafield tag="504" ind1=" " ind2=" ">
    <subfield code="a">Includes bibliographies.</subfield>
  </datafield>
  <datafield tag="650" ind1=" " ind2="2">
    <subfield code="a">Breast Neoplasms</subfield>
    <subfield code="6">S7160.1</subfield>
  </datafield>
  <datafield tag="700" ind1="1" ind2=" ">
    <subfield code="a">Cheatle, Sir George Lenthal, 1965-1951. Tumours of the breast.</subfield>
    <subfield code="d">Cheatle, Sir George Lenthal, 1965-1951. Tumours of the breast.</subfield>
    <subfield code="t">Cheatle, Sir George Lenthal, 1965-1951. Tumours of the breast.</subfield>
    <subfield code="6">A56623.1</subfield>
  </datafield>
  <datafield tag="949" ind1=" " ind2=" ">
    <subfield code="a">RC280</subfield>
    <subfield code="w">LC</subfield>
    <subfield code="i">-139373</subfield>
    <subfield code="m">MEDICAL</subfield>
    <subfield code="t">BOOK</subfield>
    <subfield code="l">ON-SHELF</subfield>
  </datafield>
  <controlfield tag="004">98050</controlfield>
  <datafield tag="999" ind1=" " ind2=" ">
    <subfield code="c">51810</subfield>
    <subfield code="d">51810</subfield>
  </datafield>
</record>
